Els Pressupostos municipals de Catalunya
Descripción Física:
8 v. ; 24 cm
Otros Autores:
Catalunya. Servei Central d'Estadística
MARC
| LEADER | 00000nam a2200000Ia 4500 | ||
|---|---|---|---|
| 001 | 525, 526, 527, 528, 529, 530, 531, 7981 | ||
| 008 | 160829s1937 xx 000 0 cat d | ||
| 080 | |a M-3-225, M-3-226, M-3-227, M-3-228, M-3-229, M-3-230, M-3-231, M-3-232 | ||
| 245 | |a Els Pressupostos municipals de Catalunya | ||
| 260 | |a [Barcelona] : |b Servei Central d'Estadística, |c 1937 | ||
| 300 | |a 8 v. ; |c 24 cm | ||
| 590 | |a A la part superior de la portada: Generalitat de Catalunya, Departament de Presidència | ||
| 650 | |a Pressupostos municipals |x Catalunya |x Estadístiques |9 22245 | ||
| 650 | |a Finances públiques |x Catalunya |x Estadístiques |9 22246 | ||
| 700 | |a Catalunya. Servei Central d'Estadística |9 22247 | ||
| 710 | |a Catalunya. |b Departament de la Presidència |9 10777 | ||
| 901 | |a Arxiu | ||
| 942 | |n 1 | ||
| 952 | |0 0 |1 0 |4 0 |6 M3225_M3226_M3227_M3228_M3229_M3230_M3231_M3232 |7 1 |9 42137 |a Arxiu |b Arxiu |d 2016-12-01 |l 0 |o M-3-225, M-3-226, M-3-227, M-3-228, M-3-229, M-3-230, M-3-231, M-3-232 |p 525, 526, 527, 528, |r 2016-12-01 00:00:00 |w 2016-12-01 |y ARXIU | ||
| 999 | |c 44584 |d 44584 | ||